000 00297nam a2200121Ia 4500
005 20251222153618.0
008 251222s9999||||xx |||||||||||||| ||spa||
020 _a9972-40-034-4
082 _a869.56/S23S
100 _a"Sánchez León, Abelardo"
245 0 _aLa soledad del nadador
942 _cLIB
999 _c31857
_d31857